|
|
|
|
| LEADER |
00000nam0a2200000 4500 |
| 001 |
83525 |
| 005 |
20231031100224.0 |
| 035 |
|
|
|a (RuTPU)RU\TPU\book\89806
|
| 090 |
|
|
|a 83525
|
| 100 |
|
|
|a 20051018d2005 k y0rusy50 ca
|
| 101 |
0 |
|
|a rus
|
| 102 |
|
|
|a RU
|
| 105 |
|
|
|a ac z 100zy
|
| 200 |
1 |
|
|a Воспитание в условиях вузовского социума
|e доклады, выступления научно-методической конференции, Томск 21 марта 2005 г.
|f Воспитание в условиях вузовского социума ; Томский политехнический университет ; под ред. П. С. Чубика, М. В. Ведяшкина
|
| 210 |
|
|
|a Томск
|c Изд-во ТПУ
|d 2005
|
| 215 |
|
|
|a 134 с.
|c ил., портр.
|
| 318 |
|
|
|5 63413507
|a Воспитание в процессе обучения 4
|b выставка
|
| 610 |
1 |
|
|a образование
|
| 610 |
1 |
|
|a высшее образование
|
| 610 |
1 |
|
|a вузы
|
| 610 |
1 |
|
|a воспитание
|
| 610 |
1 |
|
|a внеучебная работа
|
| 610 |
1 |
|
|a самоуправление
|
| 610 |
1 |
|
|a студенчество
|
| 610 |
1 |
|
|a кураторы
|
| 610 |
1 |
|
|a воспитательная работа
|
| 610 |
1 |
|
|a конференции
|
| 610 |
1 |
|
|a Томск
|
| 610 |
1 |
|
|a ТПУ
|
| 610 |
1 |
|
|a Томский политехнический университет
|
| 610 |
1 |
|
|a труды учёных ТПУ
|
| 686 |
|
|
|a Ч481.3л0
|v LBC/SL-A
|2 rubbk
|
| 702 |
|
1 |
|a Чубик
|b П. С.
|c российский геолог
|c профессор, ректор Томского политехнического университета ( с 2008 г.)
|f 1954-
|g Петр Савельевич
|2 stltpush
|3 (RuTPU)RU\TPU\pers\24546
|4 340
|
| 702 |
|
1 |
|a Ведяшкин
|b М. В.
|c российский учёный в области электромеханики, электрических двигателей
|c проректор Томского политехнического университета
|f 1978-
|g Максим Викторович
|2 stltpush
|3 (RuTPU)RU\TPU\pers\28336
|4 340
|
| 712 |
0 |
2 |
|a Воспитание в условиях вузовского социума
|c конференция
|e Томск
|f 2005
|
| 712 |
0 |
2 |
|a Томский политехнический университет
|2 stltpush
|3 (RuTPU)RU\TPU\col\376
|
| 801 |
|
1 |
|a RU
|b 63413507
|c 20051018
|g PSBO
|
| 801 |
|
2 |
|a RU
|b 63413507
|c 20110928
|g PSBO
|
| 942 |
|
|
|c BK
|